00805nam a2200265Ia 450000100040000000500170000400800410002102000150006202000180007704000350009504100080013008400110013810000320014924500470018125000200022826400380024830000260028633600270031233700330033933800280037265000350040065000380043565000390047365000270051226420260227202818.0121119s2002 sp gr 000 f spa  a8420484105 a9788420484105 aCO-BoRNBPbspaerdacCO-BoRNBP0 aspa aN VAR11 aVargas Llosa, Mario,d1936-13aLa ciudad y los perroscMario Vargas Llosa aSexta edición 1aMadridbEdiciones Alfaguarac2002 a483 páginasc21 cm. atextobtxt2rdacontent asin mediaciónbn2rdamedia avolumenbnc2rdacarrier142LEMBaNovela peruanaySiglo XX142LEMBaEducación militarvNovela142LEMBaLiteratura peruanaySiglo XX142LEMBaJuventudvNovela